Statistics for Green Day Charting Songs (Billboard Hot 100)

Click here to take the quiz!

General Stats

  • This quiz has been taken 80 times
  • The average score is 6 of 9

Answer Stats

AlbumWeeks OnPeakArtist(s)Song% Correct
American Idiot20 Weeks#61Green DayAmerican Idiot
99%
American Idiot36 Weeks#2Green DayBoulevard of Broken Dreams
94%
21st Century Breakdown20 Weeks#22Green Day21 Guns
91%
American Idiot27 Weeks#6Green DayWake Me Up When September Ends
91%
American Idiot32 Weeks#19Green DayHoliday
87%
21st Century Breakdown15 Weeks#28Green DayKnow Your Enemy
54%
¡Uno!4 Weeks#97Green DayOh Love
41%
U218 Single9 Weeks#51Green Day & U2The Saints Are Coming
32%
Instant Karma: The Amnesty International Campaign to Save Darfur6 Weeks#53Green DayWorking Class Hero
29%

Score Distribution

Percentile by Number Answered

Percent of People with Each Score

Your Score History

You have not taken this quiz